| 000 | 01154cam a22003377a 4500 | ||
|---|---|---|---|
| 003 | CHAP | ||
| 005 | 20220329141146.0 | ||
| 008 | 971010c19841977mx r 00010 spa d | ||
| 010 | _a63599 | ||
| 011 | _a64571 | ||
| 035 | _a70257 | ||
| 040 | _cCHAP | ||
| 082 | 0 | 4 |
_a322.1 _bB3 1977 |
| 100 | 0 | 0 |
_aBazant, Jan. _911019 |
| 245 | 1 | 4 | _aLos bienes de la iglesia en México (1856-1875) : aspectos económicos y sociales de la revolución liberal |
| 250 | _a2 ed. | ||
| 260 |
_aMéxico, D. F. : _bEl Colegio de México, _c1984 (c.1977) |
||
| 300 | _a364 p. | ||
| 490 | 0 |
_aNueva serie _v; 13 |
|
| 590 |
_aBATCH-UPD _b10 _c20130110 _lUCH01 _h0401 |
||
| 590 |
_aBATCH-UPD _b10 _c20130110 _lUCH01 _h2147 |
||
| 590 |
_aBATCH-UPD _b10 _c20130410 _lUCH01 _h0034 |
||
| 590 |
_aBATCH-UPD _b10 _c20130914 _lUCH01 _h0616 |
||
| 590 |
_aCONVERSION _b10 _c20130109 _lUCH01 _h1334 |
||
| 650 | 1 | 4 |
_aIglesia y Estado _xMéxico. _957341 |
| 710 | 0 |
_aEl Colegio de México. Centro de Estudios Históricos. _936108 |
|
| 830 | 0 |
_aNueva serie _v; 13 _982140 |
|
| 901 | _aBK | ||
| 942 | _cLIBRO | ||
| 949 |
_a322.1 B3 1977 _bBC _cLIBRO _d33724000310777 _eLIBRO _gI. c/e _h69656 _i70257 _si _t3.96 |
||
| 999 |
_c63599 _d63599 |
||